Flukonazol v liečbe onychomykóz predstavuje účinné a pacientmi dobre tolerované systémové antimykotikum

Bibliographic Details
Main Author: Elowski, B.E (Author)
Other Authors: rs (apd)
Format: Article
Language:Slovak
PhysicalDescription:Fotogr.
Subjects:

MARC

LEADER 00000nab a2200000 a 4500
001 vtls000692240
003 SK-MaSNL
005 20260302180256.0
008 140303c1999 xo 0 slo
015 |a SNBRB1999/04-09744 
035 |a CLN000044407 
040 |a SNKBUCL  |b slo  |c SNKBUCL  |e AACR2 
041 0 |a slo 
044 |a xo  |c SK 
080 |a 616.596-002.828-085  |2 1997 
080 |a 615.262  |2 1997 
080 |a 615.282  |2 1997 
100 1 |a Elowski, B.E.  |4 aut  |9 889073 
245 1 0 |a Flukonazol v liečbe onychomykóz  |b predstavuje účinné a pacientmi dobre tolerované systémové antimykotikum  |c B.E. Elowski ; [spracoval] rs 
300 |b Fotogr. 
500 |a Článok bol publikovaný v JAAD - Roč. 38, č. 6 (1998), s. 73-76 
650 0 7 |a onychomykóza  |x liečba  |2 snkbucl  |9 839533 
650 0 7 |a flukonazol  |2 snkbucl  |9 747553 
650 0 7 |a terbinafín  |2 snkbucl  |9 839534 
650 0 7 |a itrakonazol  |2 snkbucl  |9 849251 
650 0 7 |a antimykotiká  |2 snkbucl  |9 13893 
655 7 |a články z novín a časopisov  |2 snkbucl  |9 267496 
700 1 |a rs  |4 apd  |9 860855 
773 0 |t Zdravotnícke noviny  |g Roč. 4, č. 17 (1999) 
773 0 |t [Príl.] Lekárske listy  |g Č. 17 (1999), s. 10 
850 |a Slovenská národná knižnica v Martine 
852 |a SNK  |b KIS3GCP 
992 |a RBX 
999 |c 1410021  |d 1411951